Seis paseos por los bosques narrativos : Harvard University, Norton Lectures 1992-1993 /
Gardado en:
| Autor Principal: | |
|---|---|
| Formato: | Desconocido |
| Idioma: | Spanish |
| Publicado: |
Barcelona, España :
Editorial Lumen,
1996.
|
| Materias: | |
| Etiquetas: |
Engadir etiqueta
Sen Etiquetas, Sexa o primeiro en etiquetar este rexistro!
|
MARC
| LEADER | 000000000a22000000004500 | ||
|---|---|---|---|
| 001 | 003693 | ||
| 020 | |a 8426412416 | ||
| 041 | 0 | |a spa | |
| 082 | 0 | 4 | |a 808.802 |b E18s |
| 100 | 1 | |a Eco, Umberto, |d 1932- | |
| 245 | 1 | 0 | |a Seis paseos por los bosques narrativos : |b Harvard University, Norton Lectures 1992-1993 / |c Umberto Eco. |
| 260 | 1 | |a Barcelona, España : |b Editorial Lumen, |c 1996. | |
| 300 | |a 135 páginas | ||
| 650 | 4 | |a LITERATURA ITALIANA | |
| 650 | 4 | |a ENSAYOS | |
| 650 | 4 | |a NARRATIVA | |
| 650 | 4 | |a INVESTIGACION | |
| 650 | 4 | |a NOVELA | |
| 650 | 4 | |a HISTORIA Y CRITICA | |
| 650 | 4 | |a REALISMO | |
| 650 | 4 | |a FANTASIA | |
| 999 | |c 10161 |d 10161 | ||
| 942 | |c BK |h 808.802 E18s |2 z | ||



